Les 15 villes des États-Unis les plus peuplées - Statistiques

Statistiques générales
  • Ce quiz a été pris 151 fois
  • Le résultat moyen est 8 sur 15
Statistiques - réponses
Population Ville % Correct
8,47M New York City
100%
3,87M Los Angeles
99%
2,72M Chicago
90%
1,32M Dallas
73%
2,39M Houston
64%
1,57M Philadelphie
61%
1,40M San Diego
49%
1,67M Phoenix
47%
993K Austin
44%
1,52M San Antonio
43%
943K Charlotte
39%
1,01M Jacksonville
31%
997K San Jose
30%
933K Colombus
8%
1M Forth Worth
2%
Aucun quiz correspondant
Distribution des résultats
% des personnes avec chaque résultat
Percentile par nombre de réponses
Votre historique - résultats
Vous n’avez pas pris ce quiz